000
00279nam a22001095i 4500
020
_a
9781547188956
040
_c
DLC
082
_a
658 PAN 1982 A051 Or.
245
0
0
_a
10 investment biases that fried my nest eggs :
_b
but i still made $900,000 /
300
_a
pages cm
942
_c
EK
999
_c
14654
_d
14654